Statistics for Most Populated Counties in Texas

Click here to take the quiz!

General Stats

  • This quiz has been taken 51 times
  • The average score is 10 of 15

Answer Stats

Population County % Correct
2,553,385Dallas County
97%
1,897,753Bexar County
89%
4,538,028Harris County
87%
835,593El Paso County
87%
1,982,498Tarrant County
84%
1,176,558Travis County
79%
780,612Denton County
68%
914,127Collin County
63%
346,312Brazoria County
61%
716,087Fort Bend County
58%
537,559Montgomery County
58%
422,156Cameron County
50%
842,304Hidalgo County
47%
508,514Williamson County
47%
359,715Nueces County
37%

Score Distribution

Percentile by Number Answered

Percent of People with Each Score

Your Score History

You have not taken this quiz